000 00526 a2200169 4500
003 OSt
005 20240801144251.0
008 231018b |||||||| |||| 00| 0 eng d
020 _a9789933108515
040 _coclc
082 _a492.75
_bDHA/A
100 _aAl-Dayah, Muhammad Rudwan
_99748
245 _aAL MAKTHABATHUL ARABIYYA VA MINHAJUL BAHTH
_bArabic Library and Research Methodology /
260 _aSyria:
_bDarfikr,
_c2019.
300 _a328p
942 _2ddc
_cBK
_h492.75
_iDHA/A
_k492.75
_mDHA/A
999 _c42698
_d42698